Historia y geografía, 7
Uloženo v:
| Hlavní autoři: | , |
|---|---|
| Médium: | Kniha |
| Jazyk: | španělština |
| Vydáno: |
Santiago
Arrayán
1988
|
| Témata: | |
| Tagy: |
Přidat tag
Žádné tagy, Buďte první, kdo vytvoří štítek k tomuto záznamu!
|
MARC
| LEADER | 00000nam a2200000 a 4500 | ||
|---|---|---|---|
| 001 | UCW5339 | ||
| 003 | CL-VaPUC | ||
| 008 | 910408e19880000CL |||||||||||||||||spa|d | ||
| 082 | 0 | 4 | |a 372.89 |b DIA |2 21 |
| 100 | 0 | |a Díaz R., Clara |e author |9 310268 | |
| 700 | 0 | |a Domínguez Q., Liliana |e author |9 310269 | |
| 245 | 1 | 0 | |a Historia y geografía, 7 |
| 300 | |a 176 p | ||
| 942 | |c BK | ||
| 945 | |d 19910408 00:00:00 | ||
| 260 | |a Santiago |b Arrayán |c 1988 | ||
| 650 | 0 | |a Historia universal |9 266877 | |
| 650 | 0 | |a Libros de texto |9 270019 | |
| 650 | 0 | |a Geografía |9 259346 | |
| 650 | 0 | |a Historia |9 255047 | |
| 651 | 7 | |a CHILE |2 CL-VaPUC |9 310270 | |
| 583 | |a last modification |c 19910408 00:00:00 |k Rodrigo Vera | ||
| 999 | |c 218800 |d 218798 | ||
| 952 | |0 0 |1 0 |4 0 |6 372_890000000000000_DIA_1988 |7 0 |8 P |9 208960 |a BIBEDU |b BIBEDU |c BIBEDU_PB |d 2019-11-15 |i 276749K |o 372.89 DIA 1988 |p 276749K |r 2024-01-25 |w 2019-11-15 |y BK |k EDU | ||